Catálogo

Vista normal Vista MARC

Entrada Personal Name

Número de registros utilizados en: 4

001 - CONTROL NUMBER

  • control field: 16743

003 - CONTROL NUMBER IDENTIFIER

  • control field: DLC

005 - DATE AND TIME OF LATEST TRANSACTION

  • control field: 20250213092413.0

008 - FIXED-LENGTH DATA ELEMENTS

  • fixed length control field: 800718n| azannaabn |n aaa

010 ## - LIBRARY OF CONGRESS CONTROL NUMBER

  • LC control number: n 50038128

024 7# - OTHER STANDARD IDENTIFIER

  • Standard number or code: 0000000121010783
  • Source of number or code: isni

035 ## - SYSTEM CONTROL NUMBER

  • System control number: (OCoLC)oca00073361

040 ## - CATALOGING SOURCE

  • Original cataloging agency: DLC
  • Language of cataloging: spa
  • Description conventions: rda
  • Transcribing agency: Mx-PuUPA
  • Modifying agency: DLC
  • Modifying agency: OCoLC
  • Modifying agency: CSt
  • Modifying agency: NhD
  • Modifying agency: ICU
  • Modifying agency: MoSU
  • Modifying agency: NL-TiUL
  • Modifying agency: DLC
  • Modifying agency: OCoLC
  • Modifying agency: Mx-PuUPA

046 ## - SPECIAL CODED DATES

  • Birth date: 19220122
  • Death date: 20020703
  • Source of date scheme: edtf

053 #0 - LC CLASSIFICATION NUMBER

  • Classification number element--single number or beginning number of span: PQ2615.E4737

053 #0 - LC CLASSIFICATION NUMBER

  • Classification number element--single number or beginning number of span: B2430.H45
  • Classification number element--ending number of span: B2430.H454

100 1# - HEADING--PERSONAL NAME

  • Personal name: Henry, Michel,
  • Dates associated with a name: 1922-2002

370 ## - ASSOCIATED PLACE

  • Place of birth: Haiphong (Vietnam)
  • Place of death: Albi (Francia)
  • Associated country: Indochina francesa
  • Associated country: Francia
  • Source of term: naf

372 ## - FIELD OF ACTIVITY

  • Field of activity: Fenomenología
  • Source of term: lcsh

374 ## - OCCUPATION

  • Occupation: Filósofo
  • Occupation: Novelista
  • Occupation: Autor
  • Source of term: lcsh

375 ## - GENDER

  • Gender: hombre

377 ## - ASSOCIATED LANGUAGE

  • Language code: fre

670 ## - SOURCE DATA FOUND

  • Source citation: Le jeune officier, 1954.

670 ## - SOURCE DATA FOUND

  • Source citation: Phénoménologie de la vie. Volume 1, 2003:
  • Information found: page 7 (Michel Henry; died July 3, 2002)

670 ## - SOURCE DATA FOUND

  • Source citation: French Wikipedia, viewed August 2, 2019
  • Information found: (Michel Henry; French philosopher and novelist; born January 10, 1922, in Haiphong, French Indochina (now Vietnam); died July 3, 2002, in Albi; research interest: phenomenology)